Normal view MARC view

Entry Nombre personal

Number of records used in: 1

001 - NÚMERO DE CONTROL

  • campo de control: 48614

003 - IDENTIFICADOR DEL NÚMERO DE CONTROL

  • campo de control: OSt

005 - FECHA Y HORA DE LA ÚLTIMA TRANSACCIÓN

  • campo de control: 20221013083701.0

008 - DATOS DE LONGITUD FIJA

  • campo de control de longitud fija: 221013|| aca||aabn | a|a d

040 ## - FUENTE DE LA CATALOGACIÓN

  • Centro catalogador/agencia de origen: OSt
  • Centro/agencia transcriptor: OSt

100 ## - ENCABEZAMIENTO-NOMBRE DE PERSONA

  • Nombre de persona: Piérola, José de
  • Término indicativo de función/relación: traductor

670 ## - FUENTE DE DATOS ENCONTRADOS

  • Cita de la fuente: Work cat.: (OSt): Arguedas, José María 790, Cuentos religioso-mágicos quechuas de Lucanamarca = Quechua magic-religious tales from Lucanamarca /, 2017.

Powered by Koha